000 00588cam a2200217 4500
001 B500
008 090401t1986 xxu||||| |||| 00| 0 eng d
035 _a(Sirsi) u36232
041 _aeng
050 _a692.8
090 _aRICS 1986/47A
110 _aRoyal Institution of Chartered Surveyors
_94900
245 _aCertificate of making good defects
250 _aRev. ed.
260 _aLondon
_bRoyal Institution of Chartered Surveyors
_c1986
300 _aPad of 200 forms ; 30cm.
350 _a0
650 _aCONTRACT ADMINISTRATION FORMS
942 _n0
948 _c04/03/1997
999 _c90223
_d90223